Lágrimas Desordenadas - Melendi - Estadísticas

Estadísticas generales
  • Esta prueba ha sido intentada 331 veces
  • La puntuación promedio es 288 de 325
Estadísticas de respuestas
% Correcto
mi
100%
a
99%
es
99%
no
99%
No
99%
por
99%
que
99%
Verso Si
99%
de
98%
el
98%
El
98%
la
98%
Estribillo | Pre-estribillo | Puente Y
98%
y
98%
porque
97%
un
97%
desordenadas
96%
lágrimas
96%
Final Oh,
96%
se
96%
tu
96%
con
95%
corazón
95%
en
95%
ha
95%
Una
95%
una
95%
mis
94%
pa'
94%
su
94%
tus
93%
está
92%
manera
92%
noche
92%
noche,
92%
ojos
92%
vivir
92%
agua
91%
brotan
91%
día
91%
salada
91%
Salada
91%
botella
90%
estoy
90%
las
90%
loco
90%
los
90%
oficina
90%
pienses
90%
puta
90%
solo
90%
aún
89%
horario
89%
llora
89%
pegado
89%
Pegado
89%
remojo
89%
viste
89%
encontrao'
88%
limón
88%
llamas
88%
mama
88%
medio
88%
pecho
88%
recuerdos
88%
todo
88%
Voy
88%
bebiendo
87%
horizonte
87%
puse
87%
vida
87%
al
86%
busca
86%
pasarme
86%
Superman
86%
callejón
85%
flotan
85%
quien
85%
sin
85%
soy
85%
ti
85%
ve
84%
más
82%
gatos
81%
sujeto
81%
asaltos
80%
cien
80%
aprendido
78%
disimular
78%
Vive
77%
calavera
75%
cuanto
75%
del
74%
huir
74%
Lucha
74%
alta
73%
fondo
73%
salto
71%
vacía,
71%
verja
71%
caderas
70%
le
70%
cabina
68%
vez
67%
Cada
65%
manda
65%
caen
64%
llaves
64%
bar
63%
para
55%
he
52%
sigue
51%
entre
49%
días
48%
jardín
48%
hacer
47%
alegría
46%
arriba
46%
piernas
46%
dormía
45%
patas
45%
soñao'
45%
divertidos
44%
plantao'
44%
dejao'
43%
sueño
43%
paseando
20%
No se encontraron pruebas coincidentes
Distribución de puntuación
Porcentaje de gente con cada puntuación
Porcentaje por número respondido
Historial de tus puntuaciones
No has intentado esta prueba.